| 000 | 00448nam a22001217a 4500 | ||
|---|---|---|---|
| 082 | _a220 PRO | ||
| 100 |
_aM. KHURAM RASHID, M. USMAN ASHRAF, M. RIZWAN HAIDER _971335 |
||
| 245 | _aPR-SOF-1459-INSTALLATION AND EXPERIMENTATION OF AIR BASED SOLAR SPACE HEATNG SYSTEM | ||
| 260 |
_aISLAMABAD _bNUST COLLEGE OF EME _c2015 |
||
| 650 | _aDE-MECH-33 | ||
| 700 |
_aLecturer M. Haider, CO-SUPERVISOR Asst. Prof. Dr. Abdul Waheed Badar _971336 |
||
| 942 | _cCR | ||
| 999 |
_c577909 _d577909 |
||